[Event "SVK-ch U2300"]
[Site "Liptovsky Jan"]
[Date "2024.06.17"]
[Round "6"]
[White "Skreno, Vladimir"]
[Black "Foldesi, Marek"]
[Result "1-0"]
[WhiteElo "2081"]
[BlackElo "1942"]
[PlyCount "159"]
[EventDate "2024.06.15"]
[EventType "swiss"]
[EventRounds "8"]
[EventCountry "SVK"]
[SourceTitle "CBM 220 Extra"]
[Source "ChessBase"]
[SourceDate "2024.07.31"]
[SourceVersion "1"]
[SourceVersionDate "2024.07.31"]
[SourceQuality "1"]

1. d4 d5 2. Nf3 Nf6 3. c4 e6 4. Bg5 Be7 5. e3 0-0 6. Nc3 c6 7. Bxf6 Bxf6 8. cxd5 exd5 9. Be2 Bg4 10. 0-0 Nd7 11. b4 Qe7 12. b5 Qd6 13. Qb3 Rfe8 14. Rfc1 Bd8 15. bxc6 bxc6 16. Qc2 Bc7 17. Nb5 cxb5 18. Qxc7 Qxc7 19. Rxc7 Nb6 20. Bxb5 Rec8 21. Rac1 Nc4 22. Rxc8+ Rxc8 23. Ne5 Be6 24. Ba6 Rb8 25. Nxc4 dxc4 26. e4 Rb6 27. d5 Rxa6 28. dxe6 fxe6 29. Rxc4 Rxa2 30. g4 a5 31. Kg2 a4 32. Rc7 a3 33. Re7 Rb2 34. Rxe6 a2 35. Ra6 g5 36. Kf3 Kf7 37. e5 Ke7 38. Ke3 h6 39. h3 Kd7 40. f3 Ke7 41. Ke4 Rf2 42. Ra7+ Ke6 43. Ra6+ Ke7 44. Ke3 Rh2 45. Ke4 Rf2 46. Ra3 Ke6 47. Ra6+ Ke7 48. Ke3 Rh2 49. f4 Rxh3+ 50. Ke4 Rh2 51. fxg5 hxg5 52. Kf5 Re2 53. Ra7+ Ke8 54. Ke6 Kd8 55. Kf6 Kc8 56. e6 Kb8 57. Ra3 Kc7 58. e7 Kd7 59. Rd3+ Kc7 60. Ra3 Kd7 61. Ra7+ Ke8 62. Ra8+ Kd7 63. e8Q+ Rxe8 64. Rxa2 Re6+ 65. Kxg5 Ke7 66. Rf2 Ra6 67. Kh5 Ra1 68. g5 Rh1+ 69. Kg6 Rg1 70. Kh6 Rg3 71. g6 Rg1 72. Kg7 Rg3 73. Re2+ Kd7 74. Re4 Kd6 75. Kf6 Rf3+ 76. Kg5 Rf8 77. g7 Ra8 78. Kf6 Kd5 79. Re1 Ra6+ 80. Kf7 1-0

[Event "SVK-ch U2300"]
[Site "Liptovsky Jan"]
[Date "2024.06.16"]
[Round "3"]
[White "Zvarik, Martin"]
[Black "Foldesi, Marek"]
[Result "0-1"]
[WhiteElo "2184"]
[BlackElo "1942"]
[PlyCount "62"]
[EventDate "2024.06.15"]
[EventType "swiss"]
[EventRounds "8"]
[EventCountry "SVK"]
[SourceTitle "CBM 220 Extra"]
[Source "ChessBase"]
[SourceDate "2024.07.31"]
[SourceVersion "1"]
[SourceVersionDate "2024.07.31"]
[SourceQuality "1"]

1. Na3 d5 2. c4 c6 3. Nf3 Nf6 4. e3 e6 5. b3 Nbd7 6. Bb2 Bd6 7. g4 0-0 8. Nd4 Ne4 9. h4 a6 10. Bd3 Ne5 11. Be2 c5 12. Ndc2 f5 13. d3 Nxf2 14. Kxf2 fxg4+ 15. Ke1 Nf3+ 16. Bxf3 Rxf3 17. Kd2 b5 18. Qg1 Rg3 19. Qd1 b4 20. Nb1 dxc4 21. bxc4 Bb7 22. e4 Bf4+ 23. Ke2 e5 24. a3 Qf6 25. Qf1 Rf3 26. Qg2 Rg3 27. Qf2 Rf8 28. axb4 Rf3 29. Qg1 Bh6 30. Bc3 Rf2+ 31. Ke1 Qf3 0-1

[Event "SVK-chT2B 2324"]
[Site "Slovakia"]
[Date "2023.11.12"]
[Round "4.5"]
[White "Farkas, Renata"]
[Black "Foldesi, Marek"]
[Result "1/2-1/2"]
[WhiteElo "1946"]
[BlackElo "1906"]
[PlyCount "79"]
[EventDate "2023.10.07"]
[EventType "team-tourn"]
[EventRounds "11"]
[EventCountry "SVK"]
[SourceTitle "EXT 2025"]
[Source "ChessBase"]
[SourceDate "2024.10.14"]
[SourceVersion "1"]
[SourceVersionDate "2024.10.14"]
[SourceQuality "1"]
[WhiteTeam "Surany"]
[BlackTeam "Levice III"]
[WhiteTeamCountry "SVK"]
[BlackTeamCountry "SVK"]

1. d4 d5 2. c4 e6 3. Nf3 Nf6 4. g3 Be7 5. Bg2 0-0 6. 0-0 Nbd7 7. Qc2 c6 8. Nbd2 Qc7 9. b3 e5 10. dxe5 Nxe5 11. Bb2 Ng6 12. e4 dxe4 13. Nxe4 Nxe4 14. Qxe4 Bd7 15. Rad1 Rad8 16. Rfe1 Bc8 17. Rxd8 Rxd8 18. Ne5 Be6 19. Qe3 Qa5 20. Nxg6 hxg6 21. a3 Qd2 22. Bc1 Qc2 23. Be4 Qa2 24. Bxg6 Rd7 25. Be4 a5 26. a4 Bb4 27. Rf1 Re7 28. Qb6 f5 29. Qd8+ Kf7 30. Bf3 Qxb3 31. Kg2 Qxc4 32. Qh8 Bd5 33. Qh5+ Kg8 34. Qxf5 Bxf3+ 35. Qxf3 Qe4 36. Rd1 Qxf3+ 37. Kxf3 Kf7 38. Bg5 Re5 39. Bf4 Re7 40. Bg5 1/2-1/2

[Event "SVK-chT2B 1718"]
[Site "Slovakia"]
[Date "2017.10.29"]
[Round "2.3"]
[White "Podoba, Milan"]
[Black "Foldesi, Marek"]
[Result "1-0"]
[WhiteElo "2039"]
[BlackElo "2040"]
[PlyCount "88"]
[EventDate "2017.10.28"]
[EventType "team-tourn"]
[EventRounds "11"]
[EventCountry "SVK"]
[SourceTitle "CBM 181 Extra"]
[Source "ChessBase"]
[SourceDate "2017.12.12"]
[SourceVersion "1"]
[SourceVersionDate "2017.12.12"]
[SourceQuality "1"]
[WhiteTeam "Povazske Podhradie"]
[BlackTeam "Levice"]
[WhiteTeamCountry "SVK"]
[BlackTeamCountry "SVK"]

1. e4 e5 2. Nf3 Nc6 3. Bc4 Nf6 4. Ng5 d5 5. exd5 Na5 6. Bb5+ c6 7. dxc6 bxc6 8. Bd3 Nd5 9. Nf3 Bd6 10. 0-0 0-0 11. Re1 Bg4 12. h3 Bxf3 13. Qxf3 f5 14. Bxf5 Qe7 15. Qg4 Rf6 16. d4 Qf7 17. dxe5 Rxf5 18. exd6 Rxf2 19. Na3 Rf8 20. Bg5 Nf6 21. Qe6 Nd7 22. Qxf7+ R2xf7 23. Re7 Rxe7 24. dxe7 Re8 25. Rd1 Nf6 26. Bxf6 gxf6 27. Rd7 c5 28. Rxa7 Nc6 29. Rc7 Nxe7 30. Rxc5 Ng6 31. Nb5 Re1+ 32. Kf2 Ra1 33. Nc3 Ne5 34. a4 Kf7 35. b3 Ke6 36. Rd5 h5 37. Rd1 Ra3 38. Kg3 Kf5 39. Rf1+ Kg6 40. Kf4 Nc6 41. Ke4 Nb4 42. Rc1 Kg5 43. Kd4 Kf4 44. Kc4 Na6 1-0

[Event "SVK-chT2B 1617"]
[Site "Slovakia"]
[Date "2017.03.11"]
[Round "10.4"]
[White "Bielik, Peter"]
[Black "Foldesi, Marek"]
[Result "1/2-1/2"]
[WhiteElo "1840"]
[BlackElo "2009"]
[PlyCount "43"]
[EventDate "2016.10.08"]
[EventType "team-tourn"]
[EventRounds "11"]
[EventCountry "SVK"]
[SourceTitle "EXT 2018"]
[Source "ChessBase"]
[SourceDate "2017.10.13"]
[SourceVersion "1"]
[SourceVersionDate "2017.10.13"]
[SourceQuality "1"]
[WhiteTeam "Povazske Podhradie"]
[BlackTeam "Levice"]
[WhiteTeamCountry "SVK"]
[BlackTeamCountry "SVK"]

1. d4 d5 2. c4 e6 3. Nf3 Nf6 4. Bg5 Be7 5. e3 0-0 6. Nc3 Nbd7 7. Bd3 c6 8. 0-0 dxc4 9. Bxc4 Nd5 10. Bxe7 Qxe7 11. e4 Nxc3 12. bxc3 e5 13. Qc2 exd4 14. cxd4 Nf6 15. Rfe1 Bg4 16. Ne5 Rad8 17. Nxg4 Nxg4 18. h3 Nf6 19. Rad1 Qb4 20. Qb3 Qxb3 21. Bxb3 Rfe8 22. f3 1/2-1/2

[Event "SVK-chT2B 1516"]
[Site "Slovakia"]
[Date "2015.12.06"]
[Round "6.6"]
[White "Vass, Frantisek"]
[Black "Foldesi, Marek"]
[Result "1-0"]
[WhiteElo "2313"]
[BlackElo "2041"]
[PlyCount "96"]
[EventDate "2015.10.17"]
[EventType "team-tourn"]
[EventRounds "11"]
[EventCountry "SVK"]
[SourceTitle "EXT 2019"]
[Source "ChessBase"]
[SourceDate "2018.10.10"]
[SourceVersion "1"]
[SourceVersionDate "2018.10.10"]
[SourceQuality "1"]
[WhiteTeam "Podhajska Termal"]
[BlackTeam "Levice"]
[WhiteTeamCountry "SVK"]
[BlackTeamCountry "SVK"]

1. d4 d5 2. Nf3 Nf6 3. Bg5 c5 4. e3 Nc6 5. c3 cxd4 6. exd4 Qb6 7. Qb3 Qxb3 8. axb3 Ne4 9. Bf4 e6 10. Nbd2 Bd6 11. Bxd6 Nxd6 12. b4 Bd7 13. Bd3 Ne7 14. Ne5 Bb5 15. 0-0 Bxd3 16. Nxd3 0-0 17. Nc5 Rfc8 18. Ra2 Rc7 19. Rfa1 a6 20. Nf3 Rd8 21. Ne5 Ng6 22. Ned3 Nf8 23. f3 Nd7 24. Kf2 Nxc5 25. bxc5 Nb5 26. f4 f6 27. Re1 Kf7 28. Nb4 Na7 29. b3 Nb5 30. Re3 f5 31. c6 bxc6 32. Rxa6 Rdc8 33. Nd3 Nd6 34. Ne5+ Ke7 35. g4 Ne4+ 36. Ke2 Kf6 37. h3 g5 38. fxg5+ Kxg5 39. Kd3 f4 40. Rf3 h5 41. Ra1 h4 42. Kc2 Rg7 43. Nd3 Rf8 44. Ra6 Rc7 45. Ne5 Rfc8 46. Rf1 Ng3 47. Re1 Ne4 48. Nf3+ Kf6 1-0

[Event "SVK-chT2B 1112"]
[Site "Slovakia"]
[Date "2011.12.03"]
[Round "5.5"]
[White "Foldesi, Marek"]
[Black "Skreno, Vladimir"]
[Result "1-0"]
[WhiteElo "2072"]
[BlackElo "2178"]
[PlyCount "121"]
[EventDate "2011.10.08"]
[EventType "team-tourn"]
[EventRounds "11"]
[EventCountry "SVK"]
[SourceTitle "EXT 2013"]
[Source "ChessBase"]
[SourceDate "2012.11.22"]
[SourceVersion "1"]
[SourceVersionDate "2012.11.22"]
[SourceQuality "1"]
[WhiteTeam "Levice"]
[BlackTeam "Nitra NSK"]
[WhiteTeamCountry "SVK"]
[BlackTeamCountry "SVK"]

1. e4 c5 2. Nf3 Nc6 3. d4 cxd4 4. Nxd4 Nf6 5. Nc3 g6 6. g3 Bg7 7. Bg2 0-0 8. 0-0 Nxd4 9. Qxd4 d6 10. Qd3 Qc7 11. Nd5 Nxd5 12. exd5 Bf5 13. Be4 Bd7 14. c3 b5 15. Be3 Rfc8 16. Bd4 Bxd4 17. Qxd4 Qc5 18. Rad1 a5 19. Rfe1 Ra7 20. Bb1 Qxd4 21. Rxd4 Kf8 22. h4 h6 23. a3 Rc4 24. Ree4 Bf5 25. Ba2 Bxe4 26. Bxc4 bxc4 27. Rxe4 Rb7 28. Rxc4 Rxb2 29. Rc8+ Kg7 30. Ra8 Rb5 31. c4 Rc5 32. Kf1 Rxc4 33. Rxa5 Rc2 34. Rb5 Ra2 35. Rb3 Rd2 36. Rb5 Kf6 37. Ke1 Ra2 38. Rb3 e6 39. dxe6 fxe6 40. Rf3+ Ke7 41. Kd1 Rb2 42. Kc1 Rb7 43. Kc2 d5 44. a4 e5 45. a5 Ra7 46. Ra3 Kd6 47. Kd3 Ra6 48. f4 exf4 49. gxf4 Kc5 50. Kc3 d4+ 51. Kd3 Re6 52. Ra1 Ra6 53. Ra2 Kd5 54. Re2 Rd6 55. Rb2 Kc5 56. Rb6 Rd5 57. Re6 g5 58. Rxh6 gxf4 59. Rg6 Rd7 60. Rf6 f3 61. a6 1-0

[Event "Bratislava ChessFriends sim"]
[Site "Bratislava"]
[Date "2011.10.14"]
[Round "1"]
[White "Kasparov, Garry"]
[Black "Foldesi, Marek"]
[Result "1-0"]
[WhiteElo "2812"]
[BlackElo "2072"]
[PlyCount "51"]
[EventDate "2011.10.14"]
[EventType "simul"]
[EventRounds "1"]
[EventCountry "SVK"]
[SourceTitle "CBM 144 Extra"]
[Source "ChessBase"]
[SourceDate "2011.10.28"]
[SourceVersion "1"]
[SourceVersionDate "2011.10.28"]
[SourceQuality "1"]

1. e4 e5 2. Nf3 Nc6 3. Bb5 a6 4. Ba4 Nf6 5. 0-0 Be7 6. Re1 b5 7. Bb3 0-0 8. d3 d6 9. c3 Bg4 10. h3 Bh5 11. Nbd2 Na5 12. Bc2 c5 13. Nf1 Nc6 14. Ng3 Bg6 15. a4 b4 16. Nh4 Re8 17. Ngf5 Nh5 18. Nxg6 hxg6 19. Ne3 Bg5 20. Bb3 bxc3 21. bxc3 Rb8 22. Bc4 Qa5 23. Qc2 Nf6 24. Bd2 Bf4 25. Reb1 Bh6 26. Rxb8 1-0

[Event "SVK-chT2B 1112"]
[Site "Slovakia"]
[Date "2011.10.09"]
[Round "2.4"]
[White "Gombar, Peter"]
[Black "Foldesi, Marek"]
[Result "1/2-1/2"]
[WhiteElo "2033"]
[BlackElo "2072"]
[PlyCount "41"]
[EventDate "2011.10.08"]
[EventType "team-tourn"]
[EventRounds "11"]
[EventCountry "SVK"]
[SourceTitle "EXT 2013"]
[Source "ChessBase"]
[SourceDate "2012.11.22"]
[SourceVersion "1"]
[SourceVersionDate "2012.11.22"]
[SourceQuality "1"]
[WhiteTeam "Belusa Hermes"]
[BlackTeam "Levice"]
[WhiteTeamCountry "SVK"]
[BlackTeamCountry "SVK"]

1. e4 e5 2. Nf3 Nc6 3. Bb5 a6 4. Ba4 Nf6 5. 0-0 Be7 6. Re1 b5 7. Bb3 0-0 8. c3 d5 9. exd5 Nxd5 10. Nxe5 Nxe5 11. Rxe5 c6 12. d4 Bd6 13. Re1 Qh4 14. g3 Qh3 15. Qd3 Bg4 16. Qf1 Qh5 17. Be3 Bh3 18. Qe2 Bg4 19. Qf1 Bh3 20. Qe2 Bg4 21. Qf1 1/2-1/2

[Event "SVK-chT2B 1112"]
[Site "Slovakia"]
[Date "2011.10.08"]
[Round "1.3"]
[White "Foldesi, Marek"]
[Black "Orgon, Dusan"]
[Result "0-1"]
[WhiteElo "2072"]
[BlackElo "2107"]
[PlyCount "150"]
[EventDate "2011.10.08"]
[EventType "team-tourn"]
[EventRounds "11"]
[EventCountry "SVK"]
[SourceTitle "EXT 2013"]
[Source "ChessBase"]
[SourceDate "2012.11.22"]
[SourceVersion "1"]
[SourceVersionDate "2012.11.22"]
[SourceQuality "1"]
[WhiteTeam "Levice"]
[BlackTeam "Trencin SK II"]
[WhiteTeamCountry "SVK"]
[BlackTeamCountry "SVK"]

1. e4 d5 2. exd5 Qxd5 3. Nc3 Qd6 4. d4 Nf6 5. Nf3 a6 6. Be2 Nc6 7. 0-0 Bf5 8. a3 0-0-0 9. Be3 e5 10. dxe5 Nxe5 11. Qc1 Nfg4 12. Bf4 g5 13. Nxe5 Nxe5 14. Rd1 Qe6 15. Rxd8+ Kxd8 16. Bxe5 Qxe5 17. Qxg5+ Be7 18. Qd2+ Kc8 19. Qd5 Bd6 20. Qxe5 Bxe5 21. Bd3 Bxd3 22. cxd3 Rd8 23. Rd1 b6 24. Kf1 Bd4 25. Rd2 Kb7 26. Ne4 Rd5 27. Ke2 Rb5 28. Nc3 Bxc3 29. bxc3 Rb3 30. Ra2 Rxc3 31. Kd2 Rc6 32. Ke3 b5 33. Kd4 Rd6+ 34. Kc3 c5 35. Re2 Kb6 36. Re7 Rf6 37. f3 a5 38. d4 b4+ 39. axb4 cxb4+ 40. Kb3 Rf5 41. Kc4 h5 42. Re3 Rb5 43. Kb3 Rg5 44. Re2 Kb5 45. h4 a4+ 46. Kb2 Rd5 47. g4 Rxd4 48. Re5+ Kc4 49. gxh5 a3+ 50. Kb1 Kb3 51. Re3+ Ka4 52. Re4 Rd5 53. h6 Rh5 54. h7 Rxh7 55. Kc2 Rg7 56. Rg4 Rh7 57. Rc4 f5 58. Rc8 Rxh4 59. Ra8+ Kb5 60. Kb3 Rf4 61. Rb8+ Kc5 62. Rc8+ Kd5 63. Re8 Rxf3+ 64. Kxb4 Rd3 65. Rf8 Ke4 66. Kc4 Rd7 67. Ra8 Rc7+ 68. Kb3 Rh7 69. Kxa3 Rb7 70. Re8+ Kf3 71. Re6 f4 72. Re5 Kf2 73. Re8 f3 74. Rf8 Ke2 75. Ka2 Re7 0-1

[Event "SVK-chT2B 10/11"]
[Site "Slovakia"]
[Date "2011.03.27"]
[Round "11.5"]
[White "Gombar, Peter"]
[Black "Foldesi, Marek"]
[Result "1/2-1/2"]
[WhiteElo "2029"]
[BlackElo "2089"]
[PlyCount "82"]
[EventDate "2010.10.23"]
[EventType "team-tourn"]
[EventRounds "11"]
[EventCountry "SVK"]
[SourceTitle "EXT 2019"]
[Source "ChessBase"]
[SourceDate "2018.10.10"]
[SourceVersion "1"]
[SourceVersionDate "2018.10.10"]
[SourceQuality "1"]
[WhiteTeam "Povazska Bystrica SK Sparta II"]
[BlackTeam "Levice"]
[WhiteTeamCountry "SVK"]
[BlackTeamCountry "SLO"]

1. e4 e5 2. Nf3 Nc6 3. Bb5 a6 4. Bxc6 dxc6 5. d4 exd4 6. Qxd4 Qxd4 7. Nxd4 Nf6 8. e5 Nd5 9. 0-0 Bc5 10. Nb3 Ba7 11. Bd2 Be6 12. Nc3 0-0-0 13. Ne4 Bf5 14. Ng5 Bg6 15. Rac1 h6 16. Nh3 Bf5 17. Nf4 Nxf4 18. Bxf4 g5 19. Bg3 Be6 20. Rfd1 Rhe8 21. Kf1 Bc4+ 22. Kg1 Bxb3 23. axb3 Bd4 24. c3 Bxe5 25. Rxd8+ Kxd8 26. Rd1+ Kc8 27. Re1 f6 28. f4 gxf4 29. Bxf4 h5 30. Bxe5 fxe5 31. Kf2 Kd7 32. Kg3 Rg8+ 33. Kh3 Ke6 34. g3 Rg4 35. Kg2 a5 36. Kf3 Rg7 37. Re4 Rf7+ 38. Ke2 Kf5 39. Rh4 Kg5 40. Re4 Kf5 41. Rh4 Kg5 1/2-1/2